Statistics for Medieval English History

Click here to take the quiz!

General Stats

  • This quiz has been taken 24,794 times
  • The average score is 15 of 22

Answer Stats

HintAnswer% Correct
Conqueror of England in 1066William the Conqueror
92%
What struck England in 1348Black Death
86%
French region he came fromNormandy
86%
"Great Charter" signed by
King John in 1215
Magna Carta
85%
Decisive battleBattle of {Hastings}
82%
Place where the nephews
were imprisoned
Tower of London
80%
"Hunchback" king who
may have murdered his nephews
Richard III
75%
Houses that battled in the Wars of the RosesLancaster
74%
Houses that battled in the
Wars of the Roses
York
74%
Cloth depicting the conquestBayeux {Tapestry}
68%
Old English poem featuring GrendelBeowulf
68%
Author of "The Canterbury Tales"Geoffrey Chaucer
68%
System of vassals and serfsFeudalism
66%
Book of 1086 that cataloged
the taxable property of England
{Domesday} Book
65%
King he defeatedHarold II
63%
Epithet of Richard ICœur de {Lion}
60%
Region that Edward I
conquered in 1283
Wales
60%
"Great" king of WessexAlfred the Great
57%
Great victory of Henry V over
the French in 1415
Battle of
{Agincourt}
56%
Notable weapon used in that battleLongbow
53%
Group of people expelled in 1290Jews
52%
Archbishop murdered in 1170Thomas Beckett
51%

Score Distribution

Percentile by Number Answered

Percent of People with Each Score

Your Score History

You have not taken this quiz